|
|
|
|
| LEADER |
03424nam a22005055i 4500 |
| 001 |
978-3-319-41045-6 |
| 003 |
DE-He213 |
| 005 |
20160629183100.0 |
| 007 |
cr nn 008mamaa |
| 008 |
160629s2016 gw | s |||| 0|eng d |
| 020 |
|
|
|a 9783319410456
|9 978-3-319-41045-6
|
| 024 |
7 |
|
|a 10.1007/978-3-319-41045-6
|2 doi
|
| 040 |
|
|
|d GrThAP
|
| 050 |
|
4 |
|a QC793-793.5
|
| 050 |
|
4 |
|a QC174.45-174.52
|
| 072 |
|
7 |
|a PHQ
|2 bicssc
|
| 072 |
|
7 |
|a SCI051000
|2 bisacsh
|
| 082 |
0 |
4 |
|a 539.72
|2 23
|
| 100 |
1 |
|
|a Pöttgen, Ruth.
|e author.
|
| 245 |
1 |
0 |
|a Search for Dark Matter with ATLAS
|h [electronic resource] :
|b Using Events with a Highly Energetic Jet and Missing Transverse Momentum in Proton-Proton Collisions at √s = 8 TeV /
|c by Ruth Pöttgen.
|
| 264 |
|
1 |
|a Cham :
|b Springer International Publishing :
|b Imprint: Springer,
|c 2016.
|
| 300 |
|
|
|a XV, 322 p. 134 illus., 124 illus. in color.
|b online resource.
|
| 336 |
|
|
|a text
|b txt
|2 rdacontent
|
| 337 |
|
|
|a computer
|b c
|2 rdamedia
|
| 338 |
|
|
|a online resource
|b cr
|2 rdacarrier
|
| 347 |
|
|
|a text file
|b PDF
|2 rda
|
| 490 |
1 |
|
|a Springer Theses, Recognizing Outstanding Ph.D. Research,
|x 2190-5053
|
| 505 |
0 |
|
|a Introduction -- Theory and Motivation -- The Standard Model of Particle Physics -- Dark Matter -- Proton-Proton Collisions -- Mono-Jet Events as Dark Matter Signature at Colliders -- Large Hadron Collider -- The ATLAS Experiment -- Operation of the Central Trigger during run-I -- Upgrade of the Central Trigger -- Analysis Strategy -- Data and Simulated Samples -- Physics Objects Definitions -- Event Selection -- Background Estimation -- Results and Interpretation -- Prospects with Future LHC Data Conclusion. .
|
| 520 |
|
|
|a This thesis describes in detail a search for weakly interacting massive particles as possible dark matter candidates, making use of so-called mono-jet events. It includes a detailed description of the run-1 system, important operational challenges, and the upgrade for run-2. The nature of dark matter, which accounts for roughly 25% of the energy-matter content of the universe, is one of the biggest open questions in fundamental science. The analysis is based on the full set of proton-proton collisions collected by the ATLAS experiment at the Large Hadron Collider at √s = 8 TeV. Special attention is given to the experimental challenges and analysis techniques, as well as the overall scientific context beyond particle physics. The results complement those of non-collider experiments and yield some of the strongest exclusion bounds on parameters of dark matter models by the end of the Large Hadron Collider run-1. Details of the upgrade of the ATLAS Central Trigger for run-2 are also included. .
|
| 650 |
|
0 |
|a Physics.
|
| 650 |
|
0 |
|a Gravitation.
|
| 650 |
|
0 |
|a Cosmology.
|
| 650 |
|
0 |
|a Elementary particles (Physics).
|
| 650 |
|
0 |
|a Quantum field theory.
|
| 650 |
1 |
4 |
|a Physics.
|
| 650 |
2 |
4 |
|a Elementary Particles, Quantum Field Theory.
|
| 650 |
2 |
4 |
|a Cosmology.
|
| 650 |
2 |
4 |
|a Classical and Quantum Gravitation, Relativity Theory.
|
| 710 |
2 |
|
|a SpringerLink (Online service)
|
| 773 |
0 |
|
|t Springer eBooks
|
| 776 |
0 |
8 |
|i Printed edition:
|z 9783319410449
|
| 830 |
|
0 |
|a Springer Theses, Recognizing Outstanding Ph.D. Research,
|x 2190-5053
|
| 856 |
4 |
0 |
|u http://dx.doi.org/10.1007/978-3-319-41045-6
|z Full Text via HEAL-Link
|
| 912 |
|
|
|a ZDB-2-PHA
|
| 950 |
|
|
|a Physics and Astronomy (Springer-11651)
|